000 00447nam a22001577a 4500
003 OSt
005 20250526143922.0
008 250526b |||||||| |||| 00| 0 eng d
040 _cAccra
100 _dEdited by: J. N. N. Oku
245 _aReview of Ghana Law/
260 _aAccra:
_bCouncil for Law Reporting;
_cc2006 2010
300 _aviii, 310 pages
_c24 cm
500 _aIncludes Notes and Comments, Book Review Statutes
942 _2lcc
_cBK
_n0
999 _c5956
_d5956